| 000 | 00781nam a22001817a 4500 | ||
|---|---|---|---|
| 999 |
_c59974 _d59974 |
||
| 003 | Ge_BSU | ||
| 005 | 20230525153823.0 | ||
| 008 | 230525s1985 ge ||||| |||| 00| 0 geo d | ||
| 041 | _ageo | ||
| 080 | _a902.034(263.5) კ-94 | ||
| 100 |
_aკუსტო, ჟაკ-ივ _918224 |
||
| 245 |
_aჩაძირული საგანძური : _b _cჟაკ-ივ კუსტო, ფილიპ დიოლე; თარგმნა მ. გოგიჩაძემ. |
||
| 264 |
_aთბილისი : _bსაბჭ. საქართველო, _c1985. |
||
| 300 |
_a212გვ. ; _b20სმ. |
||
| 653 | _aწყალქვეშა არქეოლოგია. | ||
| 700 |
_aდიოლე, ფილიპ _eავტორი _918225 |
||
| 942 |
_2udc _cBK |
||